<?xml version="1.0" encoding="UTF-8"?>
<record
    xmlns:xsi="http://www.w3.org/2001/XMLSchema-instance"
    xsi:schemaLocation="http://www.loc.gov/MARC21/slim http://www.loc.gov/standards/marcxml/schema/MARC21slim.xsd"
    xmlns="http://www.loc.gov/MARC21/slim">

  <leader>03385nam a2200577Ia 4500</leader>
  <controlfield tag="001">4210</controlfield>
  <controlfield tag="008">241029s9999    xx            000 0 und d</controlfield>
  <datafield tag="010" ind1=" " ind2=" ">
    <subfield code="a">3960</subfield>
  </datafield>
  <datafield tag="041" ind1=" " ind2=" ">
    <subfield code="a">Espa&#xF1;ol</subfield>
  </datafield>
  <datafield tag="082" ind1=" " ind2=" ">
    <subfield code="a">ED 674 UTESA</subfield>
  </datafield>
  <datafield tag="245" ind1=" " ind2="0">
    <subfield code="a">La Violencia Escolar y su Incidencia en el Comportamiento de los y las Estudiantes del Octavo Grado del Nivel B&#xE1;sico, de la Escuela Emma Balaguer de Vallejo, del Distrito Educativo 15-05,  A&#xF1;o Escolar 2013-2014</subfield>
  </datafield>
  <datafield tag="260" ind1=" " ind2=" ">
    <subfield code="a">Santo Domingo</subfield>
  </datafield>
  <datafield tag="300" ind1=" " ind2=" ">
    <subfield code="a">98</subfield>
  </datafield>
  <datafield tag="520" ind1=" " ind2=" ">
    <subfield code="a">49</subfield>
  </datafield>
  <datafield tag="630" ind1=" " ind2=" ">
    <subfield code="a">Actitud de los Estudiantes</subfield>
  </datafield>
  <datafield tag="630" ind1=" " ind2=" ">
    <subfield code="a">Actitudes</subfield>
  </datafield>
  <datafield tag="630" ind1=" " ind2=" ">
    <subfield code="a">Conducta Humana</subfield>
  </datafield>
  <datafield tag="630" ind1=" " ind2=" ">
    <subfield code="a">Incidencia</subfield>
  </datafield>
  <datafield tag="630" ind1=" " ind2=" ">
    <subfield code="a">Violencia</subfield>
  </datafield>
  <datafield tag="650" ind1=" " ind2=" ">
    <subfield code="a">Violencia</subfield>
  </datafield>
  <datafield tag="690" ind1=" " ind2=" ">
    <subfield code="a">Sintetizado</subfield>
  </datafield>
  <datafield tag="700" ind1=" " ind2=" ">
    <subfield code="e">asesor</subfield>
    <subfield code="a"> Ubiera, Julia Margarita </subfield>
  </datafield>
  <datafield tag="700" ind1=" " ind2=" ">
    <subfield code="e">autor</subfield>
    <subfield code="a"> Garc&#xED;a, Fanny </subfield>
  </datafield>
  <datafield tag="700" ind1=" " ind2=" ">
    <subfield code="e">autor</subfield>
    <subfield code="a"> Pe&#xF1;a Garc&#xED;a, Karina Alt. </subfield>
  </datafield>
  <datafield tag="901" ind1=" " ind2=" ">
    <subfield code="a">{"1":" Garc&#xED;a","2":" Pe&#xF1;a Garc&#xED;a"}</subfield>
    <subfield code="b">{"1":"Fanny ","2":"Karina Alt. "}</subfield>
  </datafield>
  <datafield tag="902" ind1=" " ind2=" ">
    <subfield code="a">1</subfield>
  </datafield>
  <datafield tag="903" ind1=" " ind2=" ">
    <subfield code="a">{"1":" Ubiera"}</subfield>
    <subfield code="b">{"1":"Julia Margarita "}</subfield>
  </datafield>
  <datafield tag="904" ind1=" " ind2=" ">
    <subfield code="a">Mag&#xED;ster en</subfield>
  </datafield>
  <datafield tag="905" ind1=" " ind2=" ">
    <subfield code="a">Ciencias de la Educaci&#xF3;n</subfield>
  </datafield>
  <datafield tag="906" ind1=" " ind2=" ">
    <subfield code="a">1</subfield>
  </datafield>
  <datafield tag="907" ind1=" " ind2=" ">
    <subfield code="a">Menci&#xF3;n en</subfield>
  </datafield>
  <datafield tag="908" ind1=" " ind2=" ">
    <subfield code="a">Planificaci&#xF3;n Educativa</subfield>
  </datafield>
  <datafield tag="909" ind1=" " ind2=" ">
    <subfield code="a">Universidad Tecnol&#xF3;gica de Santiago (UTESA), Campus II M&#xE1;ximo G&#xF3;mez</subfield>
  </datafield>
  <datafield tag="910" ind1=" " ind2=" ">
    <subfield code="a">NULL</subfield>
    <subfield code="b">NULL</subfield>
  </datafield>
  <datafield tag="911" ind1=" " ind2=" ">
    <subfield code="a">["1"]</subfield>
  </datafield>
  <datafield tag="912" ind1=" " ind2=" ">
    <subfield code="a">NO APLICA</subfield>
  </datafield>
  <datafield tag="913" ind1=" " ind2=" ">
    <subfield code="a">NULL</subfield>
  </datafield>
  <datafield tag="914" ind1=" " ind2=" ">
    <subfield code="a">01 de Diciembre de 2014</subfield>
  </datafield>
  <datafield tag="915" ind1=" " ind2=" ">
    <subfield code="a">10/06/15 12:06</subfield>
  </datafield>
  <datafield tag="916" ind1=" " ind2=" ">
    <subfield code="a">NULL</subfield>
  </datafield>
  <datafield tag="917" ind1=" " ind2=" ">
    <subfield code="a">NULL</subfield>
  </datafield>
  <datafield tag="918" ind1=" " ind2=" ">
    <subfield code="a">NO APLICA</subfield>
  </datafield>
  <datafield tag="919" ind1=" " ind2=" ">
    <subfield code="a">["5","6","46","209","197"]</subfield>
  </datafield>
  <datafield tag="520" ind1=" " ind2=" ">
    <subfield code="a">La violencia, es un mal que ha estado afectando a todas las sociedades, sin importar la edad, clase social, ni lugar, por tanto puede darse en cualquier contexto temporal-geogr&#xE1;fico, al igual que en distintas &#xE9;pocas y rangos educativos; ya sea de la educaci&#xF3;n formal, informal o con ausencia de esta.&#xA0; Es por esto que los estudiantes son los protagonistas de la investigaci&#xF3;n bajo estudio. Dada esta situaci&#xF3;n los centros de estudios, deben jugar un papel preponderante en la educaci&#xF3;n en valores, puesto que la violencia escolar, tiene diferentes manifestaciones, que deben ser estudiadas,&#xA0; para as&#xED; poder ser contrarrestadas de manera significativa.En los centros educativos, la violencia es vivida en doble v&#xED;a, es decir, como objeto de violencia o como propiciador de la misma. Tanto las v&#xED;ctimas de la violencia escolar como los agresores, pueden padecer da&#xF1;os f&#xED;sicos, psicol&#xF3;gicos, e incluso llegar a la muerte. Por lo que es importante destacar, que la mayores consecuencias est&#xE1;n&#xA0; relacionadas con la salud mental, debido a que esta puede generar depresi&#xF3;n, traumas y baja autoestima, impidi&#xE9;ndoles a los &#xA0;y a las estudiantes, mantener buenas relaciones con sus iguales,&#xA0; docentes, mantener el rendimiento, permanencia en la escuela y estabilidad social y psicoafectiva.A continuaci&#xF3;n se presentar&#xE1; la investigaci&#xF3;n con el surgimiento de la violencia en el &#xE1;mbito escolar, ubic&#xE1;ndose espec&#xED;ficamente en un centro educativo de la educaci&#xF3;n formal, la cual tendr&#xE1; como objetivo general: Analizar la Violencia Escolar y su Incidencia en los Comportamientos Violentos, que Presentan los Estudiantes de Octavo Grado de la Educaci&#xF3;n B&#xE1;sica, de la Escuela Emma Balaguer de Vallejo.</subfield>
  </datafield>
  <datafield tag="921" ind1=" " ind2=" ">
    <subfield code="a">12</subfield>
  </datafield>
  <datafield tag="922" ind1=" " ind2=" ">
    <subfield code="a">12</subfield>
  </datafield>
  <datafield tag="923" ind1=" " ind2=" ">
    <subfield code="a">0</subfield>
  </datafield>
  <datafield tag="924" ind1=" " ind2=" ">
    <subfield code="a">NO APLICA</subfield>
  </datafield>
  <datafield tag="942" ind1=" " ind2=" ">
    <subfield code="c">Tesis</subfield>
  </datafield>
  <datafield tag="999" ind1=" " ind2=" ">
    <subfield code="c">3960</subfield>
    <subfield code="d">3960</subfield>
  </datafield>
</record>
